Las tres edades de la economía / (Record no. 186078)
[ view plain ]
| 000 -LEADER | |
|---|---|
| campo de control de longitud fija | 00665nam a2200205 i 4500 |
| 001 - NÚMERO DE CONTROL | |
| campo de control | 186078 |
| 003 - IDENTIFICADOR DE NÚMERO DE CONTROL | |
| campo de control | ES-MaACL |
| 005 - FECHA Y HORA DE LA ÚLTIMA TRANSACCIÓN | |
| campo de control | 20250728223635.0 |
| 008 - DATOS DE LONGITUD FIJA--INFORMACIÓN GENERAL | |
| campo de control de longitud fija | 160907s1962 sp |||| | spa d |
| 100 0# - ENTRADA PRINCIPAL--NOMBRE DE PERSONA | |
| Nombre de persona | Piettre, André. |
| 9 (RLIN) | 91983 |
| 245 13 - MENCIÓN DEL TÍTULO | |
| Título | Las tres edades de la economía / |
| Mención de responsabilidad, etc. | André Piettre ; [traducción de Fernando Aguirre de Cárcer]. |
| 260 ## - PUBLICACIÓN, DISTRIBUCIÓN, ETC. | |
| Lugar de publicación, distribución, etc. | Madrid : |
| Nombre del editor, distribuidor, etc. | Rialp, |
| Fecha de publicación, distribución, etc. | 1962. |
| 300 ## - DESCRIPCIÓN FÍSICA | |
| Extensión | 515 p. ; |
| Dimensiones | 21 cm. |
| 490 1# - MENCIÓN DE SERIE | |
| Mención de serie | Naturaleza e Historia ; |
| Designación de volumen o secuencia | 5 |
| 650 04 - PUNTO DE ACCESO ADICIONAL DE MATERIA--TÉRMINO DE MATERIA | |
| Término de materia o nombre geográfico como elemento de entrada | Economía- |
| Subdivisión de forma | Historia. |
| 9 (RLIN) | 12012 |
| 700 0# - ENTRADA AGREGADA--NOMBRE PERSONAL | |
| Nombre de persona | Aguirre de Cárcer, Fernando. |
| 9 (RLIN) | 18863 |
| 830 00 - PUNTO DE ACCESO ADICIONAL DE SERIE-TÍTULO UNIFORME | |
| Título uniforme | Naturaleza e historia |
| Designación de volumen o secuencia | 5 |
| 9 (RLIN) | 182943 |
| 852 ## - LOCALIZACIÓN | |
| Ubicación | ES-MaACL |
| Número de control de estantería | E-4863 |
| Estatus retirado | Estado de pérdida | Estado de daño | No para préstamo | Biblioteca de origen | Biblioteca actual | Ubicación en estantería | Fecha de adquisición | Fuente de adquisición | Total de préstamos | Signatura topográfica completa | Código de barras | Visto por última vez | Precio de reemplazo | Tipo de ítem Koha |
|---|---|---|---|---|---|---|---|---|---|---|---|---|---|---|
| Biblioteca del Ateneo de Madrid | Biblioteca del Ateneo de Madrid | Depósito 2 | 07/09/2016 | E-4863 | 1196181 | 23/02/2023 | 23/02/2023 | Libro impreso |
